000 00429nam a22001457a 4500
003 SGT
082 _a616.024
_bS21D
100 _aDALAL, PRIYA
245 _aSTUDY OF CLINICAL & HAEMATOLOGICAL PROFILE OF ANEMIA IN GERIATRIC PATIENTS AT SGT MEDICAL COLLAGE, HOSPITAL & RESEARCH INSTITUTE, GURUGRAM, HARYANA
260 _aGURUGRAM
_bSGT UNIVERSITY
_c2021
300 _a90
650 _aMEDICINE
653 _aM.D
942 _2ddc
_cTH
999 _c26547
_d26547